[Event "Edinburgh Premier 2019"]
[Site "?"]
[Date "2019.04.06"]
[Round "2"]
[White "Hunt, Adam C"]
[Black "Abdulla, Murad"]
[Result "1/2-1/2"]
[WhiteElo "2070"]
[BlackElo "2256"]
[PlyCount "71"]

1. e4 c5 2. Nf3 d6 3. d4 cxd4 4. Nxd4 Nf6 5. Nc3 g6 6. Be2 Bg7 7. Be3 Nc6 8.
Qd2 O-O 9. O-O-O Ng4 10. Bxg4 Bxg4 11. f3 Be6 12. Kb1 Rc8 13. Nxc6 bxc6 14. Bd4
Bxd4 15. Qxd4 Qb6 16. Rhe1 Rb8 17. b3 Rfc8 18. Qxb6 axb6 19. e5 Rd8 20. exd6
Rxd6 21. Rxd6 exd6 22. Ne4 Rd8 23. Kb2 h6 24. a4 Kf8 25. b4 Ke7 26. Ra1 d5 27.
Nd2 Kd6 28. a5 bxa5 29. Rxa5 Re8 30. Nb3 Bd7 31. Nd4 Re1 32. Ra6 Kc7 33. Ra7+
Kd6 34. Ra6 Kc7 35. Ra7+ Kd6 36. Ra6 1/2-1/2

[Event "Edinburgh Premier 2019"]
[Site "?"]
[Date "2019.04.06"]
[Round "2"]
[White "Jarmany, John"]
[Black "Arakhamia-Grant, Ketevan"]
[Result "0-1"]
[WhiteElo "2111"]
[BlackElo "2336"]
[PlyCount "98"]

1. d4 d5 2. c4 e6 3. Nc3 Nf6 4. cxd5 exd5 5. Bg5 Be7 6. e3 c6 7. Qc2 h6 8. Bh4
O-O 9. Bd3 Re8 10. Nf3 Ne4 11. Bxe7 Qxe7 12. Bxe4 dxe4 13. Nd2 Bf5 14. O-O Nd7
15. Rae1 Qe6 16. Qd1 Nf6 17. f3 exf3 18. Nxf3 Ne4 19. d5 Nxc3 20. dxe6 Nxd1 21.
exf7+ Kxf7 22. Rxd1 Kg8 23. Kf2 Red8 24. Rfe1 Be4 25. b3 Kf7 26. Rd2 c5 27.
Red1 Rxd2+ 28. Rxd2 Ke6 29. Ke2 Rc8 30. Rd1 b5 31. Nd2 Bb7 32. e4 c4 33. bxc4
bxc4 34. Ke3 Rd8 35. Rc1 Rd3+ 36. Ke2 Ba6 37. Nb1 Ke5 38. Nc3 Kd4 39. Nd5 c3
40. Nb4 Rd2+ 41. Kf3 Bb7 42. Nd5 Rxa2 43. Kf4 Rf2+ 44. Kg3 Rd2 45. Kf4 c2 46.
g4 Bxd5 47. exd5 Kxd5 48. Ke3 Rxh2 49. Kd3 Ke5 0-1

[Event "Edinburgh Premier 2019"]
[Site "?"]
[Date "2019.04.06"]
[Round "2"]
[White "Raja, Parthipan"]
[Black "Kolbus, Dietmar"]
[Result "0-1"]
[WhiteElo "1951"]
[BlackElo "2281"]
[PlyCount "64"]

1. f4 c5 2. Nf3 g6 3. e3 Bg7 4. Be2 Nc6 5. d3 Nf6 6. O-O d6 7. c3 O-O 8. Qe1 e5
9. e4 exf4 10. Bxf4 d5 11. Nbd2 dxe4 12. dxe4 b6 13. Rd1 Qe7 14. Qh4 Nd7 15.
Bg5 f6 16. Bc4+ Kh8 17. Be3 Bb7 18. Bd5 Nde5 19. Nxe5 Nxe5 20. Nf3 Bxd5 21.
Rxd5 Nc4 22. Bc1 Rae8 23. b3 Nd6 24. e5 Nf5 25. exf6 Bxf6 26. Qh3 Bxc3 27. Ng5
Bd4+ 28. Kh1 Ng3+ 29. hxg3 Rxf1+ 30. Kh2 Bg1+ 31. Kh1 Bf2+ 32. Kh2 Rh1+ 0-1

[Event "Edinburgh Premier 2019"]
[Site "?"]
[Date "2019.04.06"]
[Round "2"]
[White "Adrian, Claude"]
[Black "Koehn, Lennart"]
[Result "1-0"]
[WhiteElo "2224"]
[BlackElo "2134"]
[PlyCount "87"]

1. c4 Nf6 2. Nc3 c5 3. Nf3 Nc6 4. d4 cxd4 5. Nxd4 Qb6 6. Nc2 e6 7. Be3 Bc5 8.
a3 Bxe3 9. Nxe3 Qxb2 10. Nb5 Qe5 11. Rc1 O-O 12. g3 a6 13. Nd6 Qa5+ 14. Qd2
Qxd2+ 15. Kxd2 Rb8 16. c5 b6 17. cxb6 Rxb6 18. Nec4 Rb8 19. Bg2 Bb7 20. Rb1 Ba8
21. Nb6 Ne8 22. Nxe8 Rfxe8 23. Nxa8 Rxa8 24. Rhc1 Ra7 25. Bxc6 dxc6 26. Rxc6
Rd8+ 27. Ke3 g6 28. Rbb6 Rda8 29. a4 h5 30. a5 Kg7 31. h3 Kf6 32. f4 Ke7 33.
Ke4 Kf6 34. g4 h4 35. f5 gxf5+ 36. gxf5 Re8 37. Rxa6 Rxa6 38. Rxa6 Rg8 39. fxe6
fxe6 40. Rd6 Rg2 41. Rd2 Rg3 42. Ra2 Rg7 43. a6 Ra7 44. Kf4 1-0

[Event "Edinburgh Premier 2019"]
[Site "?"]
[Date "2019.04.06"]
[Round "2"]
[White "Han, Yichen"]
[Black "Hogg, Stephen W"]
[Result "1-0"]
[WhiteElo "2190"]
[BlackElo "1960"]
[PlyCount "87"]

1. e4 c6 2. d4 d5 3. Nc3 dxe4 4. Nxe4 Nd7 5. Ng5 Ngf6 6. Bd3 e6 7. N1f3 Bd6 8.
Qe2 h6 9. Ne4 Nxe4 10. Qxe4 Nf6 11. Qe2 b6 12. O-O Bb7 13. Ne5 Qc8 14. h3 O-O
15. Ng4 Nxg4 16. Qxg4 f5 17. Qh5 Rf6 18. b3 c5 19. Bb2 cxd4 20. Bxd4 Qc6 21. f3
Bc5 22. Bxc5 Qxc5+ 23. Kh1 b5 24. Rae1 a5 25. Qh4 g5 26. Qf2 Qxf2 27. Rxf2 b4
28. Bc4 Bd5 29. Bxd5 exd5 30. Re5 a4 31. Rxd5 f4 32. h4 gxh4 33. Rb5 axb3 34.
axb3 Rc8 35. Rxb4 Rc3 36. Kh2 Kg7 37. Kh3 Kf7 38. Re2 Kg6 39. Ree4 Rxc2 40.
Rxf4 Rd6 41. Rxh4 Rdd2 42. Rhg4+ Kf7 43. Rb7+ Kf8 44. Ra4 1-0

[Event "Edinburgh Premier 2019"]
[Site "?"]
[Date "2019.04.06"]
[Round "2"]
[White "Adrian, Leopold"]
[Black "Burnett, Andrew B"]
[Result "1/2-1/2"]
[WhiteElo "2027"]
[BlackElo "2186"]
[PlyCount "69"]

1. c4 e5 2. Nc3 Nc6 3. e3 Nf6 4. g4 h6 5. Bg2 Bc5 6. h3 a6 7. Nge2 d6 8. O-O
O-O 9. d4 Ba7 10. f4 exd4 11. exd4 Re8 12. f5 Ne5 13. c5 Nc4 14. c6 d5 15. b3
Ne3 16. Bxe3 Rxe3 17. Qd2 Re8 18. cxb7 Bxb7 19. b4 Qe7 20. a3 Qe3+ 21. Qxe3
Rxe3 22. Rf3 Rae8 23. Rc1 c6 24. Rxe3 Rxe3 25. Kf2 Rd3 26. Nxd5 cxd5 27. Rc7
Bxd4+ 28. Nxd4 Rxd4 29. Rxb7 Rd2+ 30. Kg1 Ra2 31. Ra7 Rxa3 32. b5 a5 33. b6 Rb3
34. b7 Kh7 35. Rxa5 1/2-1/2

[Event "Edinburgh Premier 2019"]
[Site "?"]
[Date "2019.04.06"]
[Round "2"]
[White "Shafi, Declan"]
[Black "Gray, Euan"]
[Result "1/2-1/2"]
[WhiteElo "2114"]
[BlackElo "1825"]
[PlyCount "91"]

1. c4 Nf6 2. g3 e5 3. Bg2 Nc6 4. Nc3 Bb4 5. a3 Bxc3 6. dxc3 a5 7. a4 Qe7 8. Nf3
d6 9. O-O O-O 10. Ne1 Be6 11. b3 Rfd8 12. Ba3 Qd7 13. Nc2 Bh3 14. Ne3 Bxg2 15.
Kxg2 d5 16. cxd5 Nxd5 17. Nxd5 Qxd5+ 18. Qxd5 Rxd5 19. Rfd1 Rad8 20. Rxd5 Rxd5
21. Kf3 f6 22. Ke4 Rd2 23. Ke3 Rd5 24. Ra2 Kf7 25. Rd2 Rxd2 26. Kxd2 Ke6 27. e4
Ne7 28. Kd3 Nc8 29. Kc4 c6 30. Bc5 g6 31. b4 axb4 32. cxb4 f5 33. f3 fxe4 34.
fxe4 b6 35. Be3 Nd6+ 36. Kd3 b5 37. a5 Kd7 38. Bc5 Nc4 39. Ke2 h5 40. h3 Kc7
41. Bf8 Nd6 42. Kf3 Nf7 43. Be7 g5 44. h4 g4+ 45. Ke3 Kb7 46. Bf6 1/2-1/2

[Event "Edinburgh Premier 2019"]
[Site "?"]
[Date "2019.04.06"]
[Round "2"]
[White "Turner , Max N"]
[Black "Farrell, Neil R"]
[Result "1/2-1/2"]
[WhiteElo "1961"]
[BlackElo "2099"]
[PlyCount "92"]

1. d4 e6 2. c4 Nf6 3. Nf3 d5 4. Nc3 Be7 5. Bf4 O-O 6. e3 b6 7. cxd5 Nxd5 8.
Nxd5 Qxd5 9. Be2 Qa5+ 10. Nd2 Ba6 11. O-O c5 12. Nb3 Qb4 13. dxc5 bxc5 14. Be5
Rd8 15. Qc2 Nc6 16. Bc3 Qa4 17. Bxa6 Qxa6 18. Qe4 Rd5 19. Qg4 Rg5 20. Qf3 Rd8
21. Rfd1 Rgd5 22. Rxd5 Rxd5 23. Qg3 Bf8 24. e4 h5 25. Qf3 Rg5 26. Qe3 Be7 27.
h3 h4 28. Nd2 Nd4 29. Bxd4 cxd4 30. Qxd4 Bf6 31. Qe3 Ra5 32. Nf3 Rxa2 33. Rxa2
Qxa2 34. e5 Bd8 35. Qc3 Bb6 36. Qc8+ Kh7 37. Qc2+ g6 38. Qc1 Kg7 39. Nxh4 Bd4
40. Qf4 Qxb2 41. Qf6+ Kg8 42. Nf3 Bxf2+ 43. Kh2 Qb7 44. Qd8+ Kg7 45. Qf6+ Kg8
46. Qd8+ Kg7 1/2-1/2

[Event "Edinburgh Premier 2019"]
[Site "?"]
[Date "2019.04.06"]
[Round "2"]
[White "Neave, George"]
[Black "Robertson, David A"]
[Result "1-0"]
[WhiteElo "2102"]
[BlackElo "1912"]
[PlyCount "83"]

1. d4 Nf6 2. c4 g6 3. Nc3 Bg7 4. e4 d6 5. Nf3 O-O 6. Be2 e5 7. O-O Nc6 8. d5
Ne7 9. Ne1 Ne8 10. Be3 f5 11. f3 f4 12. Bf2 g5 13. c5 Ng6 14. a4 h5 15. cxd6
cxd6 16. Rc1 Rf7 17. Nb5 a6 18. Na3 Rb8 19. a5 Rc7 20. Nc4 Rxc4 21. Rxc4 Qxa5
22. Nd3 Bd7 23. Qb3 Qd8 24. Bb6 Qe7 25. Ba7 Rc8 26. Rxc8 Bxc8 27. Rc1 Qd7 28.
Qc3 Ne7 29. Bf2 Bf6 30. h3 Kf7 31. b3 Kg6 32. Nb2 b5 33. Nd3 g4 34. fxg4 h4 35.
Bf3 Bg5 36. Nb4 a5 37. Nc6 Nxc6 38. Qxc6 Qxc6 39. Rxc6 Bd7 40. Ra6 a4 41. bxa4
bxa4 42. Bd1 1-0

[Event "Edinburgh Premier 2019"]
[Site "?"]
[Date "2019.04.06"]
[Round "2"]
[White "McQuillan, Stephen G"]
[Black "Orr, Mark"]
[Result "0-1"]
[WhiteElo "1910"]
[BlackElo "2082"]
[PlyCount "74"]

1. d4 Nf6 2. Bf4 d5 3. Nc3 c5 4. e3 cxd4 5. exd4 a6 6. Qd2 Nc6 7. f3 e6 8. Nh3
Bd6 9. Be2 Bxf4 10. Nxf4 b5 11. O-O O-O 12. Rad1 Bb7 13. Rfe1 Qd6 14. Bf1 Rfc8
15. Kh1 Qb4 16. Re3 Qd6 17. g3 Na5 18. Qf2 Nc4 19. Bxc4 dxc4 20. Kg1 b4 21. Ne4
Bxe4 22. Rxe4 Nxe4 23. fxe4 e5 24. Nd5 exd4 25. Qxd4 Qc5 26. Qxc5 Rxc5 27. Nxb4
g6 28. Nd5 Kg7 29. c3 Rb8 30. Rd2 Rcb5 31. Rd4 Rxb2 32. a4 Ra2 33. Nb4 Rxb4 34.
cxb4 c3 35. Rd1 Rd2 36. Rc1 c2 37. b5 axb5 0-1

[Event "Edinburgh Premier 2019"]
[Site "?"]
[Date "2019.04.06"]
[Round "2"]
[White "Bhopal, Raj"]
[Black "Schmidt, Kai-Uwe"]
[Result "1/2-1/2"]
[WhiteElo "1986"]
[BlackElo "2070"]
[PlyCount "65"]

1. e4 c5 2. Nf3 Nc6 3. Bb5 Nf6 4. e5 Nd5 5. O-O Nc7 6. a4 g6 7. Bc4 Bg7 8. Re1
O-O 9. Nc3 b6 10. d3 Bb7 11. Bf4 Ne6 12. Bxe6 dxe6 13. Qd2 Nb4 14. Ne4 a5 15.
Rad1 Qd7 16. b3 Nc6 17. Bh6 Rfd8 18. Bxg7 Kxg7 19. Qf4 Qe8 20. Re3 Nb4 21. Nfg5
Bxe4 22. Rh3 h5 23. Nxe4 Qh8 24. Ng5 Rf8 25. Rd2 Rad8 26. Ne4 Qh6 27. Qh4 Rd4
28. f4 Nc6 29. Rf2 Rfd8 30. Rf1 Rg8 31. c3 Rd7 32. Kh1 Rh8 33. Qf2 1/2-1/2

[Event "Edinburgh Premier 2019"]
[Site "?"]
[Date "2019.04.06"]
[Round "2"]
[White "Magnussen, Helge"]
[Black "O'Neil, Jim"]
[Result "1-0"]
[WhiteElo "2099"]
[BlackElo "1766"]
[PlyCount "45"]

1. d4 Nf6 2. c4 c5 3. d5 b5 4. cxb5 a6 5. f3 e6 6. e4 d6 7. Nc3 Nbd7 8. dxe6
fxe6 9. Bf4 e5 10. Bg5 Be7 11. Bxf6 Nxf6 12. Bc4 axb5 13. Nxb5 Ba6 14. Ne2 Qa5+
15. Nec3 Bxb5 16. Bxb5+ Kf7 17. Qb3+ Kg6 18. Qe6 Ra7 19. O-O h5 20. f4 Qb4 21.
Bc4 Qxb2 22. Qf5+ Kh6 23. Bf7 1-0

[Event "Edinburgh Premier 2019"]
[Site "?"]
[Date "2019.04.06"]
[Round "2"]
[White "Paul, Rabindra"]
[Black "Waller, Dan"]
[Result "0-1"]
[WhiteElo "1778"]
[BlackElo "2056"]
[PlyCount "86"]

1. Nf3 f5 2. d3 Nc6 3. d4 e6 4. c4 Nf6 5. a3 Be7 6. b4 d6 7. Bb2 O-O 8. Nbd2
Ne4 9. Qc2 Nxd2 10. Qxd2 Bf6 11. e3 Qe7 12. Be2 e5 13. d5 Nd8 14. Qc2 Nf7 15.
Nd2 Bd7 16. f3 Bg5 17. Nf1 c6 18. dxc6 bxc6 19. Qb3 Be6 20. g3 a5 21. f4 Bf6
22. Nd2 d5 23. Nf3 exf4 24. O-O Bxb2 25. Qxb2 fxg3 26. hxg3 Qd6 27. Kg2 dxc4
28. Rad1 Bd5 29. Bxc4 axb4 30. Bxd5 cxd5 31. Qxb4 Qe6 32. Rd3 Nh6 33. Qc5 Ng4
34. Ng5 Qe5 35. Qd4 Qd6 36. Rb1 Rfc8 37. Rb2 Rc1 38. Nf3 Rac8 39. Rb7 R1c2+ 40.
Rd2 Rxd2+ 41. Nxd2 Qh6 42. Qxd5+ Kh8 43. Qxf5 Nxe3+ 0-1

[Event "Edinburgh Premier 2019"]
[Site "?"]
[Date "2019.04.06"]
[Round "2"]
[White "Jelfs, Alan"]
[Black "Xian, Junhao"]
[Result "0-1"]
[WhiteElo "1856"]
[BlackElo "1953"]
[PlyCount "66"]

1. d4 f5 2. e4 fxe4 3. Nc3 Nf6 4. Bf4 g6 5. Bc4 Nc6 6. f3 Na5 7. Be2 d5 8. Qd2
Nc6 9. O-O-O Bg7 10. fxe4 Nxe4 11. Nxe4 dxe4 12. c3 Qd5 13. b3 b5 14. h4 a5 15.
Nh3 Bxh3 16. Rxh3 a4 17. b4 O-O 18. h5 Rf5 19. Be3 e5 20. hxg6 hxg6 21. Bh6 Bh8
22. Rdh1 exd4 23. Bf8 Bf6 24. Rh8+ Kf7 25. R8h7+ Ke6 26. Bh6 dxc3 27. Qxd5+
Rxd5 28. Bg4+ Ke5 29. a3 Rh8 30. Rxc7 Rxh6 31. Rxh6 Bg5+ 32. Kb1 c2+ 33. Kxc2
Nd4+ 0-1

[Event "Edinburgh Premier 2019"]
[Site "?"]
[Date "2019.04.06"]
[Round "2"]
[White "Birkett, Richard"]
[Black "Jennings, Richard L"]
[Result "0-1"]
[WhiteElo "1940"]
[BlackElo "1984"]
[PlyCount "120"]

1. f4 d5 2. Nf3 Nf6 3. e3 Bg4 4. Be2 e6 5. O-O Bd6 6. b3 Nbd7 7. Bb2 c6 8. Ne5
Bxe2 9. Qxe2 Qc7 10. Nxd7 Kxd7 11. d3 Rae8 12. Qf3 Kc8 13. e4 dxe4 14. dxe4 e5
15. f5 Bc5+ 16. Kh1 Rd8 17. c3 a6 18. b4 Ba7 19. a4 h5 20. Na3 Ng4 21. Rae1 Rd7
22. Nb1 Qd8 23. f6 g6 24. Bc1 Rd3 25. Qe2 Qd7 26. Bg5 Rd8 27. g3 Ne3 28. Rf3
Nc4 29. Rxd3 Qxd3 30. Kg2 Qxe2+ 31. Rxe2 Rd1 32. Nd2 Nxd2 33. Bxd2 Kd7 34. h3
Ke6 35. Bg5 Bb6 36. Rb2 Bd8 37. b5 cxb5 38. axb5 a5 39. c4 Bxf6 40. Be3 Rd3 41.
Kf2 a4 42. Ra2 a3 43. c5 Rb3 44. Bc1 Rxb5 45. Bxa3 Ra5 46. Rb2 Rxa3 47. Rb6+
Ke7 48. Rxb7+ Kd8 49. Rxf7 Ra6 50. Rb7 Rc6 51. Rb8+ Kd7 52. Rg8 Be7 53. g4
Bxc5+ 54. Kg3 hxg4 55. Kxg4 Be7 56. h4 Rf6 57. Kg3 Ke6 58. Rg7 Bb4 59. Kg4 Rf4+
60. Kg5 Be7+ 0-1

[Event "Edinburgh Premier 2019"]
[Site "?"]
[Date "2019.04.06"]
[Round "2"]
[White "Skettos, Nicolas"]
[Black "Thomson, Neil"]
[Result "1-0"]
[WhiteElo "1848"]
[BlackElo "2021"]
[PlyCount "83"]

1. e4 g6 2. d4 Bg7 3. Nf3 d6 4. Bc4 Nf6 5. Qe2 O-O 6. e5 Ne8 7. h3 c5 8. dxc5
d5 9. Bb3 Nc7 10. O-O Nd7 11. Rd1 e6 12. Bg5 f6 13. exf6 Nxf6 14. c4 h6 15. Bh4
g5 16. Bg3 Ne4 17. Bxc7 Qxc7 18. cxd5 Nxc5 19. Nc3 Nxb3 20. axb3 Qb6 21. dxe6
Qxe6 22. Qxe6+ Bxe6 23. Nd4 Bf7 24. b4 Bc4 25. Ndb5 a6 26. Nd6 Bb3 27. Re1 Bd4
28. Re2 b6 29. Ra3 Rad8 30. Rxb3 Rxd6 31. Ne4 Re6 32. Kf1 Rc6 33. g3 Rc1+ 34.
Kg2 Rfc8 35. Rd3 R8c4 36. Nd6 Rxb4 37. Nf5 Bxf2 38. Rd7 Kf8 39. Ree7 Rc8 40.
Rf7+ Kg8 41. Nxh6+ Kh8 42. Rh7# 1-0

[Event "Edinburgh Premier 2019"]
[Site "?"]
[Date "2019.04.06"]
[Round "2"]
[White "Chisholm, Mike"]
[Black "Ridge , Benjamin "]
[Result "1-0"]
[WhiteElo "1898"]
[BlackElo "1544"]
[PlyCount "105"]

1. d4 e6 2. Nc3 f5 3. e4 fxe4 4. Nxe4 Nf6 5. Bg5 Be7 6. Bxf6 Bxf6 7. Qh5+ g6 8.
Qh6 Qe7 9. Nxf6+ Qxf6 10. Nf3 Nc6 11. O-O-O d6 12. Bb5 Bd7 13. Rhe1 O-O-O 14.
Qe3 e5 15. Bxc6 Bxc6 16. dxe5 dxe5 17. Qxa7 Rxd1+ 18. Rxd1 b6 19. Qa6+ Bb7 20.
Qe2 Bxf3 21. Qxf3 Qxf3 22. gxf3 Rf8 23. Rd3 e4 24. fxe4 Rxf2 25. Rh3 h5 26. Rg3
Rxh2 27. Rxg6 h4 28. Rh6 h3 29. b3 Kd7 30. Kb2 Rh1 31. a4 h2 32. b4 Re1 33.
Rxh2 Rxe4 34. Kb3 c5 35. Rh7+ Kd6 36. c3 cxb4 37. cxb4 Re3+ 38. Kc4 Re4+ 39.
Kb5 Kd5 40. Rh6 Kd4 41. Rc6 Kd3 42. a5 bxa5 43. bxa5 Re1 44. Kb6 Rb1+ 45. Kc7
Ra1 46. a6 Kd4 47. Kb7 Kd5 48. Rb6 Rh1 49. a7 Rh7+ 50. Ka6 Rh8 51. Rb8 Rh6+ 52.
Kb5 Kd6 53. Rb6+ 1-0

[Event "Edinburgh Premier 2019"]
[Site "?"]
[Date "2019.04.06"]
[Round "2"]
[White "Newton, Andrew"]
[Black "Walker , Duncan"]
[Result "1-0"]
[WhiteElo "1952"]
[BlackElo "1797"]
[PlyCount "133"]

1. e4 c6 2. d4 d6 3. c4 Nd7 4. Nc3 h6 5. f4 g5 6. fxg5 Bg7 7. Nf3 Nf8 8. Be3
Qa5 9. Qd2 Bg4 10. a3 c5 11. gxh6 Nxh6 12. Nb5 Qxd2+ 13. Kxd2 Bxf3 14. gxf3
cxd4 15. Nxd4 a6 16. Rb1 Nd7 17. b4 Rc8 18. Rc1 e5 19. Nb3 f5 20. Bd3 f4 21.
Bf2 Nf7 22. h4 Bf6 23. Bf1 Ke7 24. Bh3 Rc7 25. Bg4 Nd8 26. c5 dxc5 27. Nxc5
Nxc5 28. Bxc5+ Ke8 29. h5 Rh6 30. Bb6 Rxc1 31. Kxc1 Be7 32. Bxd8 Bxd8 33. Kb2
a5 34. Rd1 axb4 35. axb4 Bb6 36. Rd5 Bd4+ 37. Kb3 b6 38. b5 Ke7 39. Rd7+ Kf8
40. Kc4 Be3 41. Rd5 Bd4 42. Rxd4 exd4 43. Kxd4 Ke7 44. e5 Rh8 45. Ke4 Re8 46.
h6 Rh8 47. Kxf4 Rxh6 48. Kg5 Rh1 49. f4 Re1 50. Bc8 Rb1 51. Ba6 Rg1+ 52. Kf5
Re1 53. Bb7 Rb1 54. Ba6 Rb2 55. Ke4 Rb1 56. f5 Re1+ 57. Kd5 Rd1+ 58. Kc6 Re1
59. Kxb6 Rxe5 60. Bc8 Re1 61. Ka7 Ra1+ 62. Kb7 Kd6 63. b6 Rb1 64. Ka7 Ra1+ 65.
Ba6 Rh1 66. b7 Rh7 67. Ka8 1-0

[Event "Edinburgh Premier 2019"]
[Site "?"]
[Date "2019.04.06"]
[Round "2"]
[White "Campbell, Duncan AF"]
[Black "Will, Douglas"]
[Result "1/2-1/2"]
[WhiteElo "1902"]
[BlackElo "1914"]
[PlyCount "64"]

1. e4 e5 2. f4 exf4 3. Nf3 Be7 4. Bc4 Nf6 5. Nc3 Nxe4 6. Bxf7+ Kxf7 7. Nxe4 Rf8
8. d4 d5 9. Nf2 Kg8 10. O-O Nc6 11. Nd3 g5 12. c3 Bg4 13. Qe1 Qd6 14. Bd2 Rae8
15. Qf2 Bf6 16. Rfe1 Bf5 17. Rxe8 Rxe8 18. Nde5 h6 19. g3 fxg3 20. Qxg3 Nxe5
21. dxe5 Bxe5 22. Nxe5 Rxe5 23. Re1 Rxe1+ 24. Bxe1 Qxg3+ 25. Bxg3 c6 26. a4 Kf7
27. a5 Ke6 28. Bf2 a6 29. Bd4 Be4 30. Kf2 Kf5 31. b4 h5 32. Bc5 g4 1/2-1/2

[Event "Edinburgh Premier 2019"]
[Site "?"]
[Date "2019.04.06"]
[Round "2"]
[White "Ward, Andrew"]
[Black "Irving, Neil"]
[Result "1/2-1/2"]
[WhiteElo "1776"]
[BlackElo "1904"]
[PlyCount "61"]

1. d4 e6 2. Nf3 f5 3. d5 Be7 4. dxe6 dxe6 5. Qxd8+ Bxd8 6. Nc3 Nf6 7. Bf4 O-O
8. O-O-O Ng4 9. Bg3 f4 10. h3 fxg3 11. hxg4 gxf2 12. Ne4 Nc6 13. Nxf2 e5 14. e3
Be6 15. Bd3 g6 16. Be4 Be7 17. Bd5 Bxd5 18. Rxd5 Rad8 19. Rhd1 Rxd5 20. Rxd5
Rd8 21. Rb5 Bd6 22. Rxb7 Bc5 23. Rb3 Bb6 24. Ne4 Kg7 25. Rc3 Nb4 26. Ra3 h6 27.
Nfd2 Rc8 28. c4 Rd8 29. c5 Nd3+ 30. Kc2 Nxc5 31. Nxc5 1/2-1/2

[Event "Edinburgh Premier 2019"]
[Site "?"]
[Date "2019.04.06"]
[Round "2"]
[White "McGregor, Lindsay A"]
[Black "Gregory , Sam"]
[Result "1-0"]
[WhiteElo "1695"]
[BlackElo "1851"]
[PlyCount "143"]

1. e4 c5 2. Nf3 e6 3. d4 cxd4 4. Nxd4 a6 5. Nc3 Qc7 6. Be3 Nf6 7. Be2 d6 8. O-O
Nbd7 9. f4 Be7 10. Bf3 O-O 11. Qe1 Re8 12. Qg3 Bf8 13. Rae1 Nb6 14. Kh1 Nc4 15.
Bc1 Rb8 16. e5 Nd7 17. Ne4 dxe5 18. fxe5 Qxe5 19. Bf4 Qxd4 20. Bxb8 Nxb8 21.
Qxb8 f5 22. Qc7 Nd6 23. Rd1 Qc4 24. Qxc4 Nxc4 25. Bh5 Re7 26. Rd8 Bd7 27. Rd1
Bc6 28. Rb8 Bxe4 29. Rdd8 g6 30. Rxf8+ Kg7 31. Bf3 Bxf3 32. gxf3 Rd7 33. Rfd8
Re7 34. Re8 Rd7 35. Rbd8 Rf7 36. Rxe6 Nxb2 37. Red6 Kh6 38. R8d7 Rf8 39. Rxb7
Nc4 40. Rxa6 Rd8 41. Kg2 Rd2+ 42. Kg3 Ne3 43. h4 Nf1+ 44. Kf4 Rd4+ 45. Ke5 Rxh4
46. Raa7 Kg5 47. Rxh7 Rc4 48. Ra6 Rxc2 49. f4+ Kg4 50. Rxg6+ Kf3 51. Rh3+ Kf2
52. Kxf5 Rxa2 53. Kf6 Ra6+ 54. Kg5 Ra5+ 55. f5 Ng3 56. Rxg3 Kxg3 57. Kh6+ Kf4
58. f6 Ra7 59. Rg7 Ra6 60. Kg6 Ke5 61. Re7+ Kd6 62. Re4 Ra1 63. f7 Rg1+ 64. Kf6
Rf1+ 65. Kg7 Rg1+ 66. Kf8 Kd7 67. Rd4+ Kc7 68. Ke7 Re1+ 69. Kf6 Rf1+ 70. Ke6
Rf2 71. Rd5 Kc6 72. Rf5 1-0

[Event "Edinburgh Premier 2019"]
[Site "?"]
[Date "2019.04.06"]
[Round "2"]
[White "Muskath, Max"]
[Black "Baumanis, Kristaps"]
[Result "1-0"]
[WhiteElo "2120"]
[BlackElo "1845"]
[PlyCount "71"]

1. c4 f5 2. Nf3 Nf6 3. g3 e6 4. Bg2 Be7 5. O-O O-O 6. Nc3 d5 7. d4 c6 8. Qc2
Nbd7 9. b3 Qe8 10. Bb2 Ne4 11. Ne5 Nxe5 12. dxe5 Bd7 13. Rad1 Rd8 14. e3 Qh5
15. Ne2 g5 16. f3 Nc5 17. b4 Na6 18. a3 Nc7 19. e4 fxe4 20. fxe4 Bc8 21. exd5
exd5 22. cxd5 Nxd5 23. Rxf8+ Rxf8 24. Rxd5 cxd5 25. Bxd5+ Kg7 26. e6+ Kh6 27.
Nd4 Qh3 28. Qe2 Qh5 29. g4 Qh3 30. Bg2 Qh4 31. Nf5+ Rxf5 32. gxf5 Qf4 33. Qf3
Qxf3 34. Bxf3 b6 35. Bd5 g4 36. f6 1-0

[Event "Edinburgh Premier 2019"]
[Site "?"]
[Date "2019.04.06"]
[Round "2"]
[White "Pasha, Tariq"]
[Black "Roy, Ali"]
[Result "1-0"]
[WhiteElo "1839"]
[BlackElo "1926"]
[PlyCount "99"]

1. d4 d5 2. c4 e6 3. Nf3 Nf6 4. Nc3 Be7 5. Bf4 O-O 6. c5 a5 7. e3 b6 8. cxb6
cxb6 9. Bd3 Nc6 10. O-O Nb4 11. Bb1 Ba6 12. Re1 b5 13. Ne5 Rc8 14. a3 Nc6 15.
Bd3 Qb6 16. Qe2 Nxe5 17. Bxe5 Nd7 18. Bg3 f6 19. Rad1 Bxa3 20. Nxd5 exd5 21.
bxa3 f5 22. Rb1 Rc3 23. Bxb5 Bxb5 24. Qxb5 Qxb5 25. Rxb5 a4 26. Bd6 Rfc8 27.
Bb4 Rc1 28. Kf1 Nf6 29. Rc5 R1xc5 30. dxc5 Kf7 31. f3 Ke6 32. Ke2 Nd7 33. Rc1
Ne5 34. Kd2 Nc4+ 35. Kd3 Kd7 36. Kd4 Re8 37. e4 fxe4 38. fxe4 Ne5 39. exd5 Ng4
40. c6+ Kd8 41. d6 Nf6 42. Rf1 Re4+ 43. Kc5 Re8 44. Kb6 Re5 45. Rd1 Nd5+ 46.
Kb7 Nxb4 47. c7+ Ke8 48. c8=Q+ Kf7 49. axb4 Rb5+ 50. Ka6 1-0

[Event "Edinburgh Premier 2019"]
[Site "?"]
[Date "2019.04.06"]
[Round "2"]
[White "Ridge , Michael"]
[Black "Smith, Callum"]
[Result "1/2-1/2"]
[WhiteElo "1848"]
[BlackElo "1826"]
[PlyCount "56"]

1. c4 c6 2. d4 d5 3. cxd5 cxd5 4. Bf4 Nc6 5. Nc3 Bf5 6. Qb3 Nxd4 7. Qa4+ Nc6 8.
Rd1 Nf6 9. Nxd5 Nxd5 10. e4 Bxe4 11. Qxe4 Qa5+ 12. Bd2 Qc5 13. Nf3 e6 14. a3 a5
15. Qa4 Qb6 16. b4 Bd6 17. bxa5 O-O 18. Bd3 Qd8 19. a6 Be7 20. Qc2 Nf6 21. Bc3
Qc8 22. axb7 Qxb7 23. O-O Rxa3 24. Bxf6 Bxf6 25. Bxh7+ Kh8 26. Be4 Nb4 27. Qc1
Qa7 28. Qf4 Qa5 1/2-1/2

[Event "Edinburgh Premier 2019"]
[Site "?"]
[Date "2019.04.06"]
[Round "2"]
[White "Chadha, Sambhav"]
[Black "Baxter, Harry"]
[Result "1/2-1/2"]
[WhiteElo "1594"]
[BlackElo "1880"]
[PlyCount "50"]

1. e4 c5 2. c3 e6 3. d4 d5 4. exd5 exd5 5. Nf3 Nc6 6. Bb5 Bd6 7. dxc5 Bxc5 8.
O-O Nge7 9. Nbd2 O-O 10. Nb3 Bb6 11. Re1 Bg4 12. Be3 Re8 13. h3 Bh5 14. Bxb6
Qxb6 15. Be2 Rad8 16. Nfd4 Bxe2 17. Rxe2 a5 18. Qe1 Kf8 19. Rd1 a4 20. Nxc6
bxc6 21. Nd4 Ng6 22. Qd2 Rxe2 23. Qxe2 Re8 24. Qc2 Qa6 25. Qd3 Qxd3 1/2-1/2

[Event "Edinburgh Premier 2019"]
[Site "?"]
[Date "2019.04.06"]
[Round "2"]
[White "Le Feuvre, Gwenole"]
[Black "Begg, David"]
[Result "0-1"]
[WhiteElo "1612"]
[BlackElo "1824"]
[PlyCount "94"]

1. e4 Nf6 2. e5 Nd5 3. c4 Nb6 4. d4 d6 5. f4 g6 6. Nc3 Bg7 7. Be3 Be6 8. Nf3
O-O 9. b3 c5 10. dxc5 N6d7 11. cxd6 exd6 12. Bd4 Nc6 13. exd6 Nxd4 14. Nxd4 Nc5
15. Qd2 Qxd6 16. O-O-O Rfd8 17. Nxe6 Qxe6 18. Qxd8+ Rxd8 19. Rxd8+ Bf8 20. Be2
Qf6 21. Rxf8+ Kxf8 22. Kc2 Qf5+ 23. Kb2 Qxf4 24. Rd1 Qf2 25. Rd8+ Kg7 26. Rc8
Ne4 27. Re8 Nxc3 28. Kxc3 Qxg2 29. h4 Qh3+ 30. Bd3 Qxh4 31. Be4 Qg3+ 32. Kb4
Qc7 33. Bd5 h5 34. Ra8 b6 35. a4 h4 36. Re8 h3 37. Re2 g5 38. Kc3 Qg3+ 39. Kb4
g4 40. c5 bxc5+ 41. Kxc5 Qg1+ 42. Kd6 g3 43. Re4 g2 44. Rg4+ Kf8 45. Bxf7 Qb6+
46. Kd7 Kxf7 47. Rf4+ Kg6 0-1

[Event "Edinburgh Premier 2019"]
[Site "?"]
[Date "2019.04.06"]
[Round "2"]
[White "Gopakumar, Siddharth"]
[Black "Antunes, Andre"]
[Result "0-1"]
[WhiteElo "1834"]
[BlackElo "1832"]
[PlyCount "58"]

1. e4 e6 2. d3 d5 3. Nd2 Nf6 4. Ngf3 Nc6 5. c3 dxe4 6. dxe4 e5 7. Bb5 Bd7 8.
O-O Bd6 9. Re1 a6 10. Ba4 b5 11. Bc2 O-O 12. a4 Qe7 13. Nf1 b4 14. Bg5 h6 15.
Bh4 bxc3 16. bxc3 Bc5 17. Ng3 g5 18. Nxg5 hxg5 19. Bxg5 Bg4 20. Qc1 Qe6 21. h3
Bxh3 22. gxh3 Qxh3 23. Bxf6 Qxg3+ 24. Kh1 Qf3+ 25. Kh2 Qxf2+ 26. Kh3 Qf3+ 27.
Kh2 Qxf6 28. Rg1+ Bxg1+ 29. Qxg1+ Kh7 0-1

[Event "Edinburgh Premier 2019"]
[Site "?"]
[Date "2019.04.06"]
[Round "2"]
[White "Chapman, Nigel"]
[Black "Wynarczyk, Raymond"]
[Result "1/2-1/2"]
[WhiteElo "1741"]
[BlackElo "1875"]
[PlyCount "41"]

1. e4 e5 2. d4 exd4 3. c3 dxc3 4. Nxc3 Nc6 5. Bc4 Nf6 6. Nf3 Bb4 7. e5 d5 8.
exf6 dxc4 9. Qxd8+ Nxd8 10. fxg7 Rg8 11. Bh6 Ne6 12. O-O-O Bxc3 13. bxc3 Nxg7
14. Ng5 Bf5 15. g4 Bxg4 16. Nxh7 Bxd1 17. Nf6+ Ke7 18. Nxg8+ Rxg8 19. Rg1 Bf3
20. Bxg7 Ke6 21. Rg3 1/2-1/2